000 00679nam a2200205Ia 4500
005 20260114154951.0
008 008 250103s9999 xx 000 0 eng d
037 _aTheses
040 _aCRL
_beng
_cCRL
041 _aeng
_2eng
084 _qCRL
100 _aAkshaya Kumar K S Au.
_9869043
245 0 _aApplication of Information and Communication Technology in Select Public Libraries of South India: A Study
260 _aDelhi
_bUniversity of Delhi. Faculty of Arts. Deptt. of Library & Information Science
_c2024
300 _a1019P.
650 _aLibrary Science
_9869044
700 _a Walia Paramjeet Kaur Gu.
_9869045
942 _cTH
999 _c1469391
_d1469391